BUSINESS CASE ANALYSIS EXAMPLES CONCEPTS (Record no. 32141)

MARC details
000 -LEADER
fixed length control field 00371nam a2200145Ia 4500
008 - FIXED-LENGTH DATA ELEMENTS--GENERAL INFORMATION
fixed length control field 240624s9999 xx 000 0 und d
041 ## - LANGUAGE CODE
Language code of text/sound track or separate title eng
082 ## - DEWEY DECIMAL CLASSIFICATION NUMBER
Classification number 658.4 BRA
100 ## - MAIN ENTRY--PERSONAL NAME
Personal name BRANNOCK JAMES W
245 ## - TITLE STATEMENT
Title BUSINESS CASE ANALYSIS EXAMPLES CONCEPTS
250 ## - EDITION STATEMENT
Edition statement (2nd ed.)
260 ## - PUBLICATION, DISTRIBUTION, ETC.
Date of publication, distribution, etc. 2012
Place of publication, distribution, etc. Florida
Name of publisher, distributor, etc. STS Publications
300 ## - PHYSICAL DESCRIPTION
Extent 400 p.; 23 cm.
365 ## - TRADE PRICE
Currency code
Price amount 33
Holdings
Withdrawn status Lost status Damaged status Not for loan Home library Current library Shelving location Date acquired Full call number Barcode Date last seen Copy number Price effective from Koha item type
        IMTN IMTN Rack 27-A 07/02/2020 658.4 BRA 32141 06/24/2024 75 06/24/2024 Books
Designed & Maintained by: LRC IMT Nagpur Contact: lrc@imtnag.ac.in© 2024. All Rights Reserved.